Normal view
MARC view
Entry Geographic Name
001 - CONTROL NUMBER
- control field: 27547
003 - CONTROL NUMBER IDENTIFIER
- control field: ARRUPE
005 - DATE AND TIME OF LATEST TRANSACTION
- control field: 20161124113534.0
008 - FIXED-LENGTH DATA ELEMENTS
- fixed length control field: 161124|| aca||aabn | a|a d
040 ## - CATALOGING SOURCE
- Original cataloging agency: ARRUPE
- Transcribing agency: ARRUPE
151 ## - HEADING--GEOGRAPHIC NAME
- Geographic name: Zimbabwe
- General subdivision: Politique et gouvernement
- Chronological subdivision: 1980-
670 ## - SOURCE DATA FOUND
- Source citation: Work cat.: (ARRUPE)0: Alao, Abiodun. 27542, Mugabe and the politics of security in Zimbabwe /, c2012.